=LDR 00000nam 2200000 4500 =001 NUTBA000000000004393 =005 20140912092739.0 =006 =007 =008 =035 ##$$0010-091400000000426 =040 ##$$a NBPDMAT =082 ##$$a 813 =084 ##$$a 813 Yus k =100 ##$$a Yustitia Angelia =245 ##$$a Kisah putri salju dan 18 dongeng lainnya $c Yustitia Angelia =250 ##$$a Cet. 1 =260 ##$$a Surabaya : $b Cahaya Agency, 2010 =300 ##$$a 128 hlm. : $b ilus. ; $c 22 cm. =650 ##$$a fiksi-dongeng =990 ##$$a 21409957 =990 ##$$a 0001/BPAP-NTB/2016 =990 ##$$a 0001/BPAP-NTB/2016